|
|
|
|
| LEADER |
00893nam a22002171a 4500 |
| 001 |
c000371906 |
| 003 |
CARM |
| 005 |
00000000000000.0 |
| 008 |
851211s1958 waua 00000 eng d |
| 019 |
1 |
|
|a 4186477
|5 LACONCORD2021
|
| 035 |
|
|
|a (OCoLC)336289
|5 LACONCORD2021
|
| 043 |
|
|
|a e-uk-en
|
| 100 |
1 |
|
|a Wright, Louis B.
|q (Louis Booker),
|d 1899-.
|
| 245 |
1 |
0 |
|a Shakespeare's theatre and the dramatic tradition /
|c by Louis B. Wright.
|
| 260 |
|
|
|a [Washington, D.C.] :
|b Folger Shakespeare Library,
|c 1958
|
| 300 |
|
|
|a 36 p. :
|b ill. ;
|c 21 cm.
|
| 490 |
0 |
|
|a Folger booklets on Tudor and Stuart civilization
|
| 650 |
|
0 |
|a Theater
|z England
|x History
|y 16th century.
|
| 852 |
8 |
|
|b CARM
|h A1:AL12G0
|i B10020
|p 0453776
|f BK
|
| 999 |
f |
f |
|i a8ee9447-5631-577b-9d2d-5a979bc89298
|s 8ab17c4f-07a2-56ee-992f-f07fdb292c15
|
| 952 |
f |
f |
|p Can circulate
|a CAVAL
|b CAVAL
|c CAVAL
|d CARM 1 Store
|e B10020
|f A1:AL12G0
|h Other scheme
|i book
|m 0453776
|